| 000 | 00000nam##2200000za#4500 |
| 001 | 9.572539 |
| 003 | CaOODSP |
| 005 | 20220111083112 |
| 007 | cr ||||||||||| |
| 008 | 150406|1998||||xxc|||||o f|0| 0 eng|d |
| 022 | |a1928-6414 |
| 040 | |aCaOODSP|beng |
| 043 | |an-cn--- |
| 086 | 1 |aNE22-1/1998-1E-PDF |
| 110 | 1 |aCanada. |bNational Energy Board. |
| 245 | 10|aReasons for decision in the matter of Androscoggin Energy LLC, PanCanadian Petroleum Limited, ProGas Limited, Vermont Gas Systems Inc., Wascana Energy Inc. and Rock-Tenn Company, Mill Division, Inc. : |h[electronic resource]|bapplications pursuant to part VI of the National Energy Board Act for licences to export natural gas |
| 246 | 1 |iVariant title : |aAndroscoggin Energy LLC, PanCanadian Petroleum Limited, ProGas Limited, Vermont Gas Systems Inc., Wascana Energy Inc. and Rock-Tenn Company, Mill Division, Inc. |
| 260 | |aCalgary - Alberta : |bNational Energy Board |cJanuary 1998. |
| 300 | |a47p.|btable |
| 490 | 1 |aReasons for decision|x1928-6414|vGHW-2-97 |
| 500 | |aThe catalogue number (NE22-1/1998-1E) and ISBN (0-662-26450-9) for the print edition have been incorrectly copied in this electronic publication. |
| 590 | |a12-09-Supp|b2012-03-21 |
| 775 | 08|tMotifs de décision relativement à Androscoggin Energy LLC, PanCanadian Petroleum Limited, ProGas Limited, Vermont Gas Systems Inc., Wascana Energy Inc. et Rock-Tenn Company, Mill Division, Inc. : |w(CaOODSP)9.602885 |
| 776 | 0#|tIn the matter of Androscoggin Energy LLC, PanCanadian Petroleum Limited, ProGas Limited, Vermont Gas Systems, Inc. Wascana Energy Inc. and Rock-Tenn Company, Mill Division, Inc. : |w(CaOODSP)9.614256 |
| 830 | #0|aReasons for decision (Canada. National Energy Board)|x1928-6414|vGHW-2-97|w(CaOODSP)9.504480 |
| 856 | 40|ahttp://publications.gc.ca|qPDF|s132 KB|uhttps://publications.gc.ca/collections/Collection/NE22-1-1998-1E.pdf|yGHW-2-97 |